| 000 | 00358 a2200145 4500 | ||
|---|---|---|---|
| 001 | 170438 | ||
| 020 | _a | ||
| 040 | _cMagnum | ||
| 100 | _aGuimaraes, Maria Anita | ||
| 240 | 1 | 0 |
_aVivencias de maira (historias verdadeiras) _lpor |
| 245 | 1 | 0 | _aVivencias de maira (historias verdadeiras) |
| 362 | 0 | _a1899 | |
| 697 | _aIJ/SOCIEDADE COTIDIANO | ||
| 942 | _cBK | ||
| 999 |
_c170438 _d170438 |
||